[Event "Kemerovo Kuzbass-ch"]
[Site "Kemerovo"]
[Date "2012.11.28"]
[Round "8"]
[White "Konyshev, Artem"]
[Black "Romanova, Anastasia"]
[Result "1/2-1/2"]
[WhiteElo "2304"]
[BlackElo "1933"]
[PlyCount "79"]
[EventDate "2012.11.23"]
[EventType "swiss"]
[EventRounds "9"]
[EventCountry "RUS"]
[SourceTitle "CBM 151 Extra"]
[Source "ChessBase"]
[SourceDate "2012.12.18"]
[SourceVersion "1"]
[SourceVersionDate "2012.12.18"]
[SourceQuality "1"]

1. c4 c5 2. g3 g6 3. Bg2 Bg7 4. Nc3 Nc6 5. a3 e6 6. Rb1 Nge7 7. b4 d6 8. bxc5 dxc5 9. Bb2 0-0 10. Nf3 Nf5 11. 0-0 Qe7 12. d3 Rb8 13. Ne1 Ne5 14. Nc2 Rd8 15. Qc1 b6 16. Ne4 Bb7 17. Qf4 Nd4 18. Nxd4 cxd4 19. Bc1 h6 20. f3 f5 21. Nf2 Nd7 22. a4 Bc6 23. Ra1 e5 24. Qd2 Nc5 25. Qc2 Qd7 26. a5 Ba4 27. Qa2 bxa5 28. Ba3 Bb3 29. Qd2 Nb7 30. e4 dxe3 31. Qxe3 Qd4 32. Qxd4 exd4 33. f4 a4 34. Bd5+ Rxd5 35. cxd5 Bxd5 36. Rfc1 Na5 37. Bd6 Re8 38. Rxa4 Nb3 39. Rd1 Nd2 40. Rxa7 1/2-1/2

[Event "Kemerovo Kuzbass-ch"]
[Site "Kemerovo"]
[Date "2012.11.27"]
[Round "6"]
[White "Cheremnova, Tamara"]
[Black "Konyshev, Artem"]
[Result "1/2-1/2"]
[WhiteElo "2260"]
[BlackElo "2304"]
[PlyCount "46"]
[EventDate "2012.11.23"]
[EventType "swiss"]
[EventRounds "9"]
[EventCountry "RUS"]
[SourceTitle "CBM 151 Extra"]
[Source "ChessBase"]
[SourceDate "2012.12.18"]
[SourceVersion "1"]
[SourceVersionDate "2012.12.18"]
[SourceQuality "1"]

1. d4 c5 2. d5 d6 3. c4 e5 4. e4 Be7 5. Nf3 Nf6 6. Nc3 0-0 7. h3 Ne8 8. Be2 Nd7 9. a3 g6 10. Bh6 Ng7 11. g4 Nf6 12. Qd2 Kh8 13. 0-0-0 a6 14. Nxe5 dxe5 15. d6 Ng8 16. dxe7 Qxe7 17. Nd5 Qd8 18. h4 f6 19. Bxg7+ Kxg7 20. f4 Be6 21. fxe5 Bxd5 22. Qxd5 Qe7 23. Qd6 Rae8 1/2-1/2

[Event "Kstovo op"]
[Site "Kstovo"]
[Date "2012.09.13"]
[Round "6"]
[White "Konyshev, Artem"]
[Black "Jevtushenko, VV."]
[Result "1/2-1/2"]
[WhiteElo "1761"]
[BlackElo "1804"]
[PlyCount "36"]
[EventDate "2012.09.08"]
[EventType "swiss"]
[EventRounds "9"]
[EventCountry "RUS"]
[SourceTitle "EXT 2013"]
[Source "ChessBase"]
[SourceDate "2012.11.22"]
[SourceVersion "1"]
[SourceVersionDate "2012.11.22"]
[SourceQuality "1"]

1. e4 c6 2. d4 d5 3. exd5 Qxd5 4. Nc3 Qd8 5. Nf3 Nf6 6. Be2 Bf5 7. 0-0 e6 8. Re1 Bd6 9. Nh4 Bg6 10. Nxg6 hxg6 11. g3 Qc7 12. Bf3 Nbd7 13. d5 cxd5 14. Nxd5 Nxd5 15. Bxd5 0-0-0 16. Bg2 Nf6 17. Qe2 Rh5 18. Be3 Kb8 1/2-1/2

[Event "Kstovo Chess Hopes op"]
[Site "Kstovo"]
[Date "2012.07.??"]
[Round "7"]
[White "Konyshev, Artem"]
[Black "Goltseva, Ekaterina"]
[Result "1/2-1/2"]
[WhiteElo "2370"]
[BlackElo "1681"]
[PlyCount "26"]
[EventDate "2012.07.??"]
[EventType "swiss"]
[EventRounds "9"]
[EventCountry "RUS"]
[SourceTitle "EXT 2014"]
[Source "ChessBase"]
[SourceDate "2013.11.20"]
[SourceVersion "1"]
[SourceVersionDate "2013.11.20"]
[SourceQuality "1"]

1. e4 c6 2. d4 d5 3. exd5 Qxd5 4. Nc3 Qa5 5. Nf3 Nf6 6. a3 Bf5 7. Bd3 Bxd3 8. Qxd3 e6 9. 0-0 Be7 10. Bf4 0-0 11. Ne4 Rd8 12. b4 Qa6 13. Qxa6 Nxa6 1/2-1/2

[Event "Kstovo Chess Hopes op"]
[Site "Kstovo"]
[Date "2012.07.??"]
[Round "3"]
[White "Konyshev, Artem"]
[Black "Zavivaev, Llya"]
[Result "1-0"]
[WhiteElo "2370"]
[BlackElo "1849"]
[PlyCount "49"]
[EventDate "2012.07.??"]
[EventType "swiss"]
[EventRounds "9"]
[EventCountry "RUS"]
[SourceTitle "EXT 2014"]
[Source "ChessBase"]
[SourceDate "2013.11.20"]
[SourceVersion "1"]
[SourceVersionDate "2013.11.20"]
[SourceQuality "1"]

1. e4 e6 2. d4 d5 3. exd5 exd5 4. Qf3 Nf6 5. Bg5 Be7 6. h3 Ne4 7. Be3 Bg5 8. Bd3 Qe7 9. c3 0-0 10. Ne2 Bxe3 11. Qxe3 Re8 12. 0-0 c5 13. f3 c4 14. Bxe4 dxe4 15. fxe4 Qxe4 16. Qxe4 Rxe4 17. Kf2 Bf5 18. Na3 Be6 19. Nb5 Nd7 20. Nd6 Rh4 21. Rad1 Bd5 22. Kg1 Nb6 23. Nf4 g5 24. g3 Rh6 25. Nf5 1-0

[Event "Kstovo Chess Hopes op"]
[Site "Kstovo"]
[Date "2012.07.??"]
[Round "5"]
[White "Vybin, Sergey"]
[Black "Konyshev, Artem"]
[Result "0-1"]
[WhiteElo "1784"]
[BlackElo "2370"]
[PlyCount "74"]
[EventDate "2012.07.??"]
[EventType "swiss"]
[EventRounds "9"]
[EventCountry "RUS"]
[SourceTitle "EXT 2014"]
[Source "ChessBase"]
[SourceDate "2013.11.20"]
[SourceVersion "1"]
[SourceVersionDate "2013.11.20"]
[SourceQuality "1"]

1. Nf3 f5 2. g3 b6 3. Bg2 Bb7 4. b3 Nf6 5. Bb2 e6 6. c4 Be7 7. 0-0 0-0 8. d3 h6 9. Nbd2 d6 10. Qc2 e5 11. e4 fxe4 12. dxe4 Nbd7 13. Nh4 a5 14. a3 Nc5 15. Nf5 Qd7 16. Ne3 Rfc8 17. Nd5 Nxd5 18. exd5 c6 19. b4 Na6 20. Qb3 cxd5 21. cxd5 axb4 22. axb4 Qb5 23. Bxe5 Qxb4 24. Bf4 Qxb3 25. Nxb3 Nb4 26. Nd4 Rxa1 27. Rxa1 Bxd5 28. Nf5 Bf6 29. Nxd6 Bxa1 30. Nxc8 Bxg2 31. Kxg2 Bd4 32. Bc7 Nd5 33. Bd6 b5 34. Ne7+ Nxe7 35. Bxe7 Bc3 36. f4 b4 37. f5 b3 0-1

[Event "RUS-chT 19th"]
[Site "Sochi"]
[Date "2012.04.11"]
[Round "3"]
[White "Kurukin, Dmitry"]
[Black "Konyshev, Artem"]
[Result "0-1"]
[WhiteElo "2375"]
[BlackElo "2304"]
[PlyCount "76"]
[EventDate "2012.04.09"]
[EventType "team-swiss"]
[EventRounds "7"]
[EventCountry "RUS"]
[SourceTitle "CBM 148"]
[Source "ChessBase"]
[SourceDate "2012.05.16"]
[SourceVersion "1"]
[SourceVersionDate "2012.05.16"]
[SourceQuality "1"]
[WhiteTeam "Moscow Orienta"]
[BlackTeam "Kemerovo"]
[WhiteTeamCountry "RUS"]
[BlackTeamCountry "RUS"]

1. c4 e5 2. g3 Nc6 3. Bg2 g6 4. Nc3 Bg7 5. e3 Nge7 6. Nge2 0-0 7. Rb1 a5 8. a3 d6 9. b4 axb4 10. axb4 Be6 11. Nd5 Qd7 12. 0-0 Rac8 13. Nec3 Bg4 14. f3 Be6 15. f4 Bg4 16. Qb3 Nxd5 17. cxd5 Ne7 18. Ne4 Bf5 19. Bb2 c6 20. fxe5 dxe5 21. Nc5 Qc7 22. e4 Bg4 23. Rbc1 b6 24. Na4 b5 25. Nc5 cxd5 26. exd5 Be2 27. Rfe1 Bc4 28. Qe3 Qd8 29. Bxe5 Nxd5 30. Bxd5 Bxd5 31. Bxg7 Kxg7 32. Qd4+ Kg8 33. Rc3 Bc6 34. Qf2 Qd5 35. Ne4 f5 36. Rxc6 Qxc6 37. Nc5 Rfe8 38. Rc1 Qd5 0-1

[Event "Kemerovo-ch op"]
[Site "Kemerovo"]
[Date "2012.03.15"]
[Round "5"]
[White "Koveshnikova, Daria"]
[Black "Konyshev, Artem"]
[Result "0-1"]
[WhiteElo "2037"]
[BlackElo "2304"]
[PlyCount "146"]
[EventDate "2012.03.04"]
[EventType "swiss"]
[EventRounds "9"]
[EventCountry "RUS"]
[SourceTitle "EXT 2014"]
[Source "ChessBase"]
[SourceDate "2013.11.20"]
[SourceVersion "1"]
[SourceVersionDate "2013.11.20"]
[SourceQuality "1"]

1. d4 c5 2. Nf3 cxd4 3. Nxd4 d5 4. c4 dxc4 5. Qa4+ Bd7 6. Qxc4 Nc6 7. Nc3 Rc8 8. Nb3 e6 9. e4 a6 10. Qe2 Na5 11. Nxa5 Qxa5 12. Bd2 Nf6 13. Qf3 Qb6 14. Rb1 Bc6 15. Bd3 Rd8 16. Bg5 Be7 17. Qe2 h6 18. Be3 Bc5 19. Bxc5 Qxc5 20. 0-0 Qe5 21. Rbd1 g5 22. Bc2 Ke7 23. Qe3 Ng4 24. Qg3 h5 25. Qxe5 Nxe5 26. Rxd8 Rxd8 27. Rd1 Rc8 28. f3 b5 29. a4 b4 30. Ne2 Nc4 31. Rd4 Bd7 32. Bb3 Nxb2 33. Rxb4 Nd3 34. Rd4 Nc5 35. Bd1 e5 36. Rc4 Be6 37. Rc1 Kd6 38. Ng3 h4 39. Nf1 Rb8 40. Ne3 Rb4 41. a5 Rb2 42. Kf1 Ra2 43. Be2 Rxa5 44. Bc4 Nb3 45. Bxb3 Bxb3 46. Nc4+ Bxc4+ 47. Rxc4 Rc5 48. Rb4 a5 49. Rb8 a4 50. Ra8 Rc4 51. Ra5 f6 52. Ke2 Rd4 53. g3 hxg3 54. hxg3 g4 55. Ra6+ Ke7 56. Ke3 gxf3 57. Kxf3 Kf7 58. Ke3 Kg6 59. Ra8 Rb4 60. Kd3 Kg7 61. Ra7+ Kh6 62. Ra8 Kh5 63. Rf8 a3 64. Rxf6 Ra4 65. Rf1 a2 66. Ra1 Kg4 67. Kc3 Kxg3 68. Kd3 Ra3+ 69. Kc4 Kf4 70. Kd5 Rd3+ 71. Kc4 Ra3 72. Kd5 Ra5+ 73. Kc4 Kxe4 0-1

[Event "Kemerovo-ch op"]
[Site "Kemerovo"]
[Date "2012.03.12"]
[Round "4"]
[White "Konyshev, Artem"]
[Black "Starkov, S."]
[Result "0-1"]
[WhiteElo "2304"]
[BlackElo "2199"]
[PlyCount "78"]
[EventDate "2012.03.04"]
[EventType "swiss"]
[EventRounds "9"]
[EventCountry "RUS"]
[SourceTitle "EXT 2014"]
[Source "ChessBase"]
[SourceDate "2013.11.20"]
[SourceVersion "1"]
[SourceVersionDate "2013.11.20"]
[SourceQuality "1"]

1. c4 e5 2. Nc3 Nc6 3. g3 Bc5 4. Bg2 d6 5. e3 Nf6 6. Nge2 Bg4 7. h3 Bxe2 8. Qxe2 0-0 9. 0-0 Re8 10. d3 a6 11. a3 Qd7 12. b4 Ba7 13. Bb2 Rab8 14. Qc2 Ne7 15. Rfd1 c6 16. Ne4 d5 17. Nxf6+ gxf6 18. d4 e4 19. c5 Kh8 20. Qe2 Rg8 21. Kf1 Nf5 22. Ke1 Rg6 23. Kd2 Rbg8 24. Kc2 Bb8 25. Bf1 Bxg3 26. Bc3 Bh4 27. a4 Rg1 28. Kb3 Rh1 29. b5 Rh2 30. bxc6 bxc6 31. Be1 Rg1 32. Qxa6 Bxf2 33. Bxf2 Rxf2 34. Bb5 Rg3 35. Qa8+ Kg7 36. Bxc6 Rxe3+ 37. Kb4 Rb2+ 38. Ka5 Qc7+ 39. Ka6 Rb8 0-1

[Event "Novokuznetsk op"]
[Site "Novokuznetsk"]
[Date "2011.08.16"]
[Round "6"]
[White "Kostojakov, Ivan"]
[Black "Konyshev, Artem"]
[Result "1-0"]
[WhiteElo "2054"]
[BlackElo "2379"]
[PlyCount "89"]
[EventDate "2011.08.11"]
[EventType "swiss"]
[EventRounds "9"]
[EventCountry "RUS"]
[SourceTitle "CBM 144 Extra"]
[Source "ChessBase"]
[SourceDate "2011.10.28"]
[SourceVersion "1"]
[SourceVersionDate "2011.10.28"]
[SourceQuality "1"]

1. e4 c6 2. d4 d5 3. e5 Bf5 4. h4 h5 5. Ne2 e6 6. Ng3 Bg6 7. c4 Ne7 8. Nc3 Nf5 9. Nxf5 Bxf5 10. Qb3 Qb6 11. c5 Qc7 12. Be2 Nd7 13. Be3 Be7 14. Rc1 f6 15. f4 Bg4 16. Qc2 f5 17. Bd3 Kf7 18. Kf2 Qd8 19. g3 Nxc5 20. dxc5 d4 21. Ne2 dxe3+ 22. Kxe3 Qd5 23. Nd4 Rhd8 24. Qc4 b6 25. Qxd5 Rxd5 26. Bc4 Bxc5 27. Bxd5 Bxd4+ 28. Kxd4 c5+ 29. Kc4 exd5+ 30. Kxd5 Bf3+ 31. Kd6 Bxh1 32. Rxh1 Rd8+ 33. Kc6 Rd2 34. Rb1 c4 35. Kb5 c3 36. bxc3 Rxa2 37. Rd1 Ke7 38. Kc6 Ra3 39. Rd7+ Ke6 40. c4 Ra5 41. Rd5 Ra3 42. Rd6+ Ke7 43. Rd7+ Ke6 44. Kc7 Rxg3 45. Kd8 1-0

[Event "Novokuznetsk op"]
[Site "Novokuznetsk"]
[Date "2011.08.13"]
[Round "3"]
[White "Konyshev, Artem"]
[Black "Gerentsev, Viktor"]
[Result "1-0"]
[WhiteElo "2379"]
[BlackElo "2125"]
[PlyCount "91"]
[EventDate "2011.08.11"]
[EventType "swiss"]
[EventRounds "9"]
[EventCountry "RUS"]
[SourceTitle "CBM 144 Extra"]
[Source "ChessBase"]
[SourceDate "2011.10.28"]
[SourceVersion "1"]
[SourceVersionDate "2011.10.28"]
[SourceQuality "1"]

1. c4 Nf6 2. Nc3 d5 3. cxd5 Nxd5 4. g3 e5 5. Bg2 Be6 6. Nf3 Nc6 7. 0-0 Be7 8. d4 exd4 9. Nxd4 Nxd4 10. Qxd4 Bf6 11. Qa4+ c6 12. Nxd5 Bxd5 13. Rd1 b5 14. Qc2 Qc8 15. e4 Bc4 16. Bf4 0-0 17. e5 Be7 18. b3 Be6 19. Qxc6 Qxc6 20. Bxc6 Rab8 21. Be3 a6 22. Bd7 Rfd8 23. Bxe6 fxe6 24. Kf1 Rxd1+ 25. Rxd1 Rc8 26. Rc1 Rxc1+ 27. Bxc1 Kf7 28. Ke2 Kg6 29. g4 Kf7 30. f4 Ke8 31. Kf3 Kd7 32. Ke4 Kc6 33. Be3 Kc7 34. Bf2 Kc6 35. h4 Kc7 36. h5 Kc6 37. Be3 g6 38. f5 exf5+ 39. gxf5 gxf5+ 40. Kxf5 Kd7 41. Bg5 Bf8 42. Bd2 Ke8 43. Ke6 Bc5 44. Bg5 Bf8 45. Kd5 b4 46. e6 1-0

[Event "Kemerovo op"]
[Site "Kemerovo"]
[Date "2011.07.30"]
[Round "9"]
[White "Konyshev, Artem"]
[Black "Siuniakov, Igor"]
[Result "1/2-1/2"]
[WhiteElo "2379"]
[BlackElo "2313"]
[PlyCount "33"]
[EventDate "2011.07.25"]
[EventType "swiss"]
[EventRounds "9"]
[EventCountry "RUS"]
[SourceTitle "EXT 2012"]
[Source "ChessBase"]
[SourceDate "2011.11.24"]
[SourceVersion "1"]
[SourceVersionDate "2011.11.24"]
[SourceQuality "1"]

1. d4 Nf6 2. c4 g6 3. Nc3 Bg7 4. Nf3 0-0 5. Bg5 h6 6. Bh4 d6 7. e3 Nbd7 8. Be2 e5 9. 0-0 g5 10. Bg3 Nh5 11. dxe5 Nxg3 12. hxg3 dxe5 13. Nd2 f5 14. g4 Nf6 15. gxf5 Bxf5 16. Bf3 Bd3 17. Be2 1/2-1/2

[Event "Kemerovo op"]
[Site "Kemerovo"]
[Date "2011.07.28"]
[Round "6"]
[White "Konyshev, Artem"]
[Black "Laptev, Evgeniy"]
[Result "1-0"]
[WhiteElo "2379"]
[BlackElo "2067"]
[PlyCount "111"]
[EventDate "2011.07.25"]
[EventType "swiss"]
[EventRounds "9"]
[EventCountry "RUS"]
[SourceTitle "EXT 2012"]
[Source "ChessBase"]
[SourceDate "2011.11.24"]
[SourceVersion "1"]
[SourceVersionDate "2011.11.24"]
[SourceQuality "1"]

1. c4 e6 2. g3 Nf6 3. Bg2 Nc6 4. Nf3 b6 5. 0-0 Bb7 6. d4 Na5 7. b3 Be4 8. Nbd2 d5 9. Nxe4 Nxe4 10. Ne5 c6 11. cxd5 exd5 12. Qc2 f6 13. Nxc6 Rc8 14. Nxd8 Rxc2 15. Ne6 Kd7 16. Nxf8+ Rxf8 17. Ba3 Rf7 18. Rfc1 Rxe2 19. Bf3 Rd2 20. Rd1 Rc2 21. Bb4 Kd8 22. Be1 Rfc7 23. Bg4 Nc3 24. Bxc3 R7xc3 25. Be6 Re2 26. Bxd5 Rcc2 27. Rf1 Kd7 28. Bf3 Red2 29. b4 Nc6 30. a3 Nxd4 31. Be4 Rb2 32. Bxh7 Nb3 33. Rad1 Nd4 34. Kg2 Nb5 35. h4 Nxa3 36. Rxd2+ Rxd2 37. Bf5+ Kd6 38. Re1 Rd5 39. g4 Re5 40. Ra1 Nb5 41. Bd3 Nd4 42. Rxa7 Re7 43. Rxe7 Kxe7 44. Be4 Kd6 45. f4 Ne6 46. Kf3 Nc7 47. h5 Na6 48. b5 Nc7 49. Bd3 Ke6 50. Bc4+ Ke7 51. Ke4 Kf8 52. Kf5 Ne8 53. Ke6 f5 54. g5 g6 55. hxg6 Ng7+ 56. Ke5 1-0

[Event "Kemerovo op"]
[Site "Kemerovo"]
[Date "2011.07.26"]
[Round "3"]
[White "Chigaev, Maksim"]
[Black "Konyshev, Artem"]
[Result "1/2-1/2"]
[WhiteElo "2104"]
[BlackElo "2379"]
[PlyCount "24"]
[EventDate "2011.07.25"]
[EventType "swiss"]
[EventRounds "9"]
[EventCountry "RUS"]
[SourceTitle "EXT 2012"]
[Source "ChessBase"]
[SourceDate "2011.11.24"]
[SourceVersion "1"]
[SourceVersionDate "2011.11.24"]
[SourceQuality "1"]

1. e4 c6 2. d4 d5 3. exd5 cxd5 4. c4 Nf6 5. Nc3 e6 6. Nf3 Bb4 7. cxd5 Nxd5 8. Bd2 Nc6 9. Bd3 Nf6 10. Be3 Nd5 11. Bd2 Nf6 12. Be3 Nd5 1/2-1/2

[Event "RUS-chT 18th"]
[Site "Olginka"]
[Date "2011.04.23"]
[Round "11"]
[White "Konyshev, Artem"]
[Black "Bologan, Viktor"]
[Result "0-1"]
[WhiteElo "2379"]
[BlackElo "2671"]
[PlyCount "62"]
[EventDate "2011.04.12"]
[EventType "team-tourn"]
[EventRounds "11"]
[EventCountry "RUS"]
[SourceTitle "EXT 2020"]
[Source "ChessBase"]
[SourceDate "2019.10.17"]
[SourceVersion "1"]
[SourceVersionDate "2019.10.17"]
[SourceQuality "1"]
[WhiteTeam "Kemerovo"]
[BlackTeam "Tomsk 400"]
[WhiteTeamCountry "RUS"]
[BlackTeamCountry "RUS"]

1. d4 Nf6 2. c4 Nc6 3. Nf3 e6 4. Nc3 Bb4 5. Qc2 d6 6. Bd2 0-0 7. e3 e5 8. d5 Ne7 9. Ne4 Nxe4 10. Bxb4 f5 11. Nd2 a5 12. Bc3 Nxc3 13. Qxc3 f4 14. e4 c6 15. Be2 b5 16. b3 cxd5 17. cxd5 Bd7 18. 0-0 Kh8 19. a4 b4 20. Qd3 Ng8 21. Rfc1 Nf6 22. h3 g5 23. Qc2 Ra7 24. Bb5 g4 25. Bxd7 Rxd7 26. Qd3 f3 27. g3 gxh3 28. Nf1 Qe8 29. Nh2 Qg6 30. Rc4 Nh5 31. Kh1 Qxg3 0-1

[Event "RUS-chT 18th"]
[Site "Olginka"]
[Date "2011.04.17"]
[Round "6"]
[White "Konyshev, Artem"]
[Black "Efimenko, Zahar"]
[Result "0-1"]
[WhiteElo "2379"]
[BlackElo "2708"]
[PlyCount "56"]
[EventDate "2011.04.12"]
[EventType "team-tourn"]
[EventRounds "11"]
[EventCountry "RUS"]
[SourceTitle "EXT 2020"]
[Source "ChessBase"]
[SourceDate "2019.10.17"]
[SourceVersion "1"]
[SourceVersionDate "2019.10.17"]
[SourceQuality "1"]
[WhiteTeam "Kemerovo"]
[BlackTeam "Sankt Petersburg Chess Federation"]
[WhiteTeamCountry "RUS"]
[BlackTeamCountry "RUS"]

1. c4 g6 2. Nc3 Bg7 3. d4 d6 4. Nf3 Bg4 5. e3 Nf6 6. Be2 0-0 7. 0-0 Na6 8. h3 Bf5 9. Bd3 Bxd3 10. Qxd3 c5 11. d5 Nb4 12. Qd1 e5 13. e4 Nh5 14. a3 Na6 15. Ne1 Qe8 16. Nd3 f5 17. b4 b6 18. bxc5 Nxc5 19. Nxc5 bxc5 20. Rb1 f4 21. Qa4 Qd8 22. Bd2 f3 23. g3 Rf7 24. Rb3 Bf6 25. Rfb1 Bg5 26. Be1 Qc8 27. Kh2 Nf4 28. g4 Nxh3 0-1

[Event "Kemerovo-ch"]
[Site "Kemerovo"]
[Date "2011.02.27"]
[Round "3"]
[White "Ermakov, Jan"]
[Black "Konyshev, Artem"]
[Result "0-1"]
[WhiteElo "2133"]
[BlackElo "2379"]
[PlyCount "70"]
[EventDate "2011.02.20"]
[EventType "swiss"]
[EventRounds "9"]
[EventCountry "RUS"]
[SourceTitle "CBM 141 Extra"]
[Source "ChessBase"]
[SourceDate "2011.05.03"]
[SourceVersion "1"]
[SourceVersionDate "2011.05.03"]
[SourceQuality "1"]

1. e4 c6 2. d4 d5 3. exd5 cxd5 4. Bd3 Nf6 5. c3 e6 6. Bg5 Bd6 7. Nf3 Qc7 8. Nbd2 h6 9. Bxf6 gxf6 10. c4 dxc4 11. Bxc4 Nc6 12. 0-0 Bd7 13. Rc1 Kf8 14. d5 exd5 15. Bxd5 Rd8 16. Qb3 Be8 17. Ne4 Be7 18. Rfd1 Qa5 19. a3 Rg8 20. Ng3 Bd6 21. Nh5 Rg6 22. Qc4 Ne7 23. b4 Qb6 24. Be4 f5 25. Bb1 Rc8 26. Qb3 Rxc1 27. Rxc1 Bc6 28. Qc3 Qb5 29. Qh8+ Ng8 30. Nh4 Rg4 31. g3 Qd5 32. Rxc6 bxc6 33. Bxf5 Rxh4 34. Qg7+ Ke7 35. Qxg8 Rxh5 0-1